000 00491nam a2200169Ia 4500
008 241127s9999||||xx |||||||||||||| ||und||
020 _a9781439816950
_c463463
040 _beng
_cSSK Library
_erda
082 _a631.811/FAG
100 _a Nand Kumar Fageria -, Virupax C. Baligar -, Charles Allan Jones -
245 0 _aGrowth And Mineral Nutrition Of Field Crops
250 _a3rd ed
260 _b Crc Press
_c©2011
942 _22ddc
_cBOOK
_nNo
999 _c11644
_d11644
003 OSt
005 20241127152856.0